Viaje a la luna / Federico García Lorca, Frederic Amat
Publicado:
Barcelona :
Edicions de l'Eixample : Centre de Cultura Contemporània de Barcelona : Comisión Nacional del Centenario de Federico García Lorca : Institut d'Edicions de la Diputació de Barcelona ,
1998
Descripción Física:
[150] p. : principalment il., col. ; 24 cm
MARC
| LEADER | 00000nam a2200000Ia 4500 | ||
|---|---|---|---|
| 001 | 12236 | ||
| 008 | 160829s1998 xx 000 0 cat d | ||
| 080 | |a B-1-316 | ||
| 100 | 1 | |a García Lorca, Federico, |d 1898-1936 |9 36330 | |
| 245 | |a Viaje a la luna / Federico García Lorca, Frederic Amat | ||
| 260 | |a Barcelona : |b Edicions de l'Eixample : |b Centre de Cultura Contemporània de Barcelona : |b Comisión Nacional del Centenario de Federico García Lorca : |b Institut d'Edicions de la Diputació de Barcelona, |c 1998 | ||
| 300 | |a [150] p. : |b principalment il., col. ; |c 24 cm | ||
| 600 | 1 | 0 | |a García Lorca, Federico, |d 1898-1936 |t Viaje a la luna |9 56095 |
| 650 | |a Guions cinematogràfics |x Història i crítica |9 36332 | ||
| 700 | |a Amat, Frederic |9 36333 | ||
| 700 | |a Comisión Nacional del Centenario de Federico García Lorca |9 36334 | ||
| 710 | 2 | |a Centre de Cultura Contemporània de Barcelona |9 52510 | |
| 901 | |a Arxiu | ||
| 942 | |n 1 | ||
| 952 | |0 0 |1 0 |4 0 |6 B1316 |7 1 |9 47289 |a Arxiu |b Arxiu |d 2016-12-01 |l 0 |o B-1-316 |p 12236 |r 2016-12-01 00:00:00 |w 2016-12-01 |y ARXIU | ||
| 999 | |c 51086 |d 51086 | ||